000 00520nam a22001697a 4500
005 20251108171045.0
008 250721s2001 xx 000 0 ara d
082 1 4 _a304.6/شوا
100 1 _aالشواوره، سالم
245 1 0 _aجغرافيا السكان :
_bالمدخل إلى علم السكان /
264 1 _aعمان :
_bدار الصفاء،
_c2001.
300 _a360ص.
650 1 7 _aالجغرافيا البشرية
700 1 _aالحبيس، محمود
942 _2ddc
_cBK
999 _c55482
_d55482